| 000 | 01248naa a2200349 c 4500 | ||
|---|---|---|---|
| 001 | 30996 | ||
| 003 | ES-MaCES | ||
| 005 | 20161014112457.0 | ||
| 008 | 980608n1998 lu d ||| | eng d | ||
| 035 | _aCES19980049496v | ||
| 040 |
_aES-MaCES _bspa _cES-MaCES |
||
| 245 | 0 | 4 |
_aThe welfare state in Europe _b: challenges and reforms _cEuropean Commission, Directorate-General for Economic and Financial Affairs |
| 300 |
_a393 p. _bgráf. col. _c30 cm |
||
| 504 | _aBibliografía | ||
| 650 | 4 |
_acuadros estadísticos _928890 |
|
| 650 | 4 |
_aestudio de casos _928846 |
|
| 650 | 4 |
_areforma social _927030 |
|
| 650 | 4 |
_arégimen de pensión _927042 |
|
| 650 | 4 |
_aempleo _928299 |
|
| 650 | 4 |
_afinanciación _928125 |
|
| 650 | 4 |
_aconsecuencias económicas _927082 |
|
| 650 | 4 |
_aeconomía del bienestar _929849 |
|
| 650 | 4 |
_aprotección social _929076 |
|
| 650 | 4 |
_aEstado-Benefactor _929481 |
|
| 653 | 1 | 0 | _aAsuntos Sociales |
| 650 | 4 |
_926752 _aUE |
|
| 773 | 0 |
_tEuropean economy _g1997, no. 4 _w(ES-MaCES)25246 |
|
| 710 | 2 |
_92029 _aComisión de las Comunidades Europeas _bDirección General de Asuntos Económicos y Financieros |
|
| 902 | _aMON Monográfico de revista | ||
| 942 |
_2CES _cAR _h3.3. |
||
| 999 |
_c30996 _d30996 |
||